| 000 | 00903nas a2200289 4500 | ||
|---|---|---|---|
| 001 | BR9704452 | ||
| 003 | BR-BrBNA | ||
| 005 | 20231205100530.0 | ||
| 007 | ta | ||
| 008 | 230509b bl.|||p| |||| 00| 00por d | ||
| 040 |
_aBR-BrBNA _bpor _cBiblioteca Nacional de Agricultura |
||
| 041 | _a(Pt) | ||
| 072 | _aL52; L10 | ||
| 100 | 1 | _aPerotto, D. | |
| 100 | 1 | _aCastanho, M.J. de P. | |
| 100 | 1 | _aRocha, J.L. da | |
| 100 | 1 | _aPinto, J.M. | |
| 245 | 1 | _aDescricao das curvas de crescimento de femeas bovinas Guzera, Gir, Holandes X Guzera e Holandes X Gir | |
| 650 | _aBovino | ||
| 650 | _aCurva de Crescimento | ||
| 650 | _aCruzamento Animal | ||
| 650 | _aGanho de Peso | ||
| 650 | _aModelo Matematico | ||
| 773 | 0 |
_tRevista Brasileira de Zootecnia (Brazil) _xISSN 0100-4859 _g(Mar-Apr 1997), v. 26(2) p. 283-288 _wBR9704452 |
|
| 909 |
_a202311 _bLúcia _c55 _dLúcia Elande |
||
| 942 |
_2AGRIS _n0 _cANA |
||
| 999 |
_c156521 _d156521 |
||